Roland Garros : Finalistes (2010's-2020's) - Statistiques

Statistiques générales
  • Ce quiz a été pris 490 fois
  • Le résultat moyen est 6 sur 12
Answers on the Grid
Answers color-coded by a green-red scale on the quiz's grid according to % correct below.
David Goffin
Novak Djokovic
Karen Khachanov
Kei Nishikori
Casper Ruud
Rafael Nadal
Stefanos Tsitsipas
Daniil Medvedev
Holger Rune
Dominic Thiem
Gregor Dimitrov
John Isner
Stan Wawrinka
Robin Söderling
Denis Shapovalov
Andy Murray
Gaël Monfils
Jannik Sinner
Jo-Wilfried Tsonga
David Ferrer
Juan Martin Del Potro
Matteo Berettini
Andrey Rublev
Roger Federer
Alexander Zverev
Diego Schwartzman
Carlos Alcaraz
Tomáš Berdych
Marin Čilić
Roberto Bautista-Agut
 
Statistiques - réponses
Réponse % Correct
Novak Djokovic
66%
Carlos Alcaraz
59%
Rafael Nadal
59%
Stan Wawrinka
59%
Roger Federer
57%
Alexander Zverev
47%
Casper Ruud
46%
Dominic Thiem
45%
Stefanos Tsitsipas
43%
Andy Murray
41%
Robin Söderling
32%
David Ferrer
29%
Aucun quiz correspondant
Distribution des résultats
% des personnes avec chaque résultat
Percentile par nombre de réponses
Votre historique - résultats
Vous n’avez pas pris ce quiz